000 00690nam a22002417a 4500
001 BR6005642
003 BR-BrBNA
005 20230928095837.0
007 ta
008 230509b bl.||||| |||| 00| 0 por d
040 _aBR-BrBNA
_bpor
_cBiblioteca Nacional de Agricultura
041 _a(Por)
072 _aE30
090 _ E30 BR6005642
110 1 _aMinisterio da Agricultura, Brasilia, DF (Brasil). Escritorio de Producao Animal
_96811
245 1 _aEscritorio de Producao Animal - EPA
260 3 _aBrasilia, DF (Brasil):
_c1970.
300 _a88 p.
650 _aDesenvolvimento Agricola
650 _aProducao Animal
909 _a202309
_bLucia
_c55
_dLucia Elande
942 _cBK
999 _c58979
_d58979